|
|
|
แสดงรายละเอียดบรรณานุกรม |
|
|
Brief Record
: Get Marc (ISO 2709)
: E-mail record
: |
| LEADER 00000nam 2200000uu 4500 | |||
| 001 4296 | |||
| 003 ULIBM | |||
| 008 160630s||||||||th 000 0 tha d | |||
| 020 ^a9742947937 | |||
| 099 ^aคู่มือ ด 109 | |||
| 110 ^aคณะทำงานเจ้าหน้าที่ โรงพยาบาลยุวประสาทไวทโยปถัมภ์ จังหวัดสมุทรปราการ กรมสุขภาพจิต กระทรวงสาธารณสุข | |||
| 245 ^aคู่มือการฝึกและดูแลเด็กออทิสติกสำหรับเจ้าหน้าที่สาธารณสุขในโรงพยาบาล / ^bคณะทำงานเจ้าหน้าที่ โรงพยาบาลยุวประสาทไวทโยปถัมภ์ จังหวัดสมุทรปราการ กรมสุขภาพจิต กระทรวงสาธารณสุข | |||
| 250 ^aพิมพ์ครั้งที่ 1. | |||
| 260 ^aกรุงเทพฯ ; ^bองค์การสงเคราะห์ทหารผ่านศึก, ^c2545. | |||
| 300 ^a39 หน้า. | |||
| 650 0 ^aคู่มือเด็ก | |||
| 999 ^a เจ้าหน้าที่ห้องสมุด | |||
| คุณยังไม่ได้ล็อกอิน คุณสามารถมีกิจกรรมร่วมกับเว็บไซต์ได้ แต่ต้องล็อกอินก่อน :: |
|
| สถานะ | |||||||||
| 1. | คู่มือเด็ก | คู่มือ ด 109 Barcode: T2034 | On Shelf ขอยืม | ||||||
| 2. | คู่มือเด็ก | คู่มือ ด 109 Barcode: T2035 | On Shelf ขอยืม | ||||||
| 3. | คู่มือเด็ก | คู่มือ ด 109 Barcode: T2036 | On Shelf ขอยืม | ||||||
| 4. | คู่มือเด็ก | คู่มือ ด 109 Barcode: TN0308 | On Shelf ขอยืม | ||||||
| [แสดง 4/4 รายการ] | |||||||||
| รายการใกล้เคียง หัวเรื่อง [คู่มือเด็ก]
|
BibComment |
| คอมเมนท์ทรัพยากรรายการนี้ |
|
|